Lack of forward planning (Record no. 117972)
[ view plain ]
| 000 -LEADER | |
|---|---|
| fixed length control field | 01245cam a2200229 4500 |
| 001 - CONTROL NUMBER | |
| control field | WB@3612-667 |
| 008 - FIXED-LENGTH DATA ELEMENTS--GENERAL INFORMATION | |
| fixed length control field | 040908n2004 000 0 eng u |
| 035 ## - SYSTEM CONTROL NUMBER | |
| System control number | (Sirsi) u127292 |
| 245 ## - TITLE STATEMENT | |
| Title | Lack of forward planning |
| 260 ## - PUBLICATION, DISTRIBUTION, ETC. | |
| Date of publication, distribution, etc. | 2004 |
| 490 ## - SERIES STATEMENT | |
| Series statement | Planning (for the Natural and Built Environment) |
| Volume/sequential designation | 3 September 2004, 1(1) and 17 (1) |
| 520 ## - SUMMARY, ETC. | |
| Summary, etc. | A study of London's recruitment and retention crisis by Tim Edmundson Planning Research shows that 13% of council jobs are vacant while nearly 20% are being carried out by temporary workers. "Recruitment and retention of planners" can be viewed at: http://www.alg.gov.uk/upload/public/attachments/29 4/RRResearchReportWEBFINAL.pdf. Falling levels of applications to undergraduate planning degrees, high housing costs, low pay, a buoyant jobs market are all cited as reasons for the crisis. Add to this poor morale and the fact that temporary staff are paid considerable more than their permanent colleagues and the future looks bleak for London planning. |
| 590 ## - LOCAL NOTE (RLIN) | |
| Local note | WB |
| 590 ## - LOCAL NOTE (RLIN) | |
| Local note | WB |
| 650 ## - SUBJECT ADDED ENTRY--TOPICAL TERM | |
| Topical term or geographic name entry element | RECRUITMENT ISSUES |
| 650 ## - SUBJECT ADDED ENTRY--TOPICAL TERM | |
| Topical term or geographic name entry element | RETENTION |
| 650 ## - SUBJECT ADDED ENTRY--TOPICAL TERM | |
| Topical term or geographic name entry element | LONDON |
| 650 ## - SUBJECT ADDED ENTRY--TOPICAL TERM | |
| Topical term or geographic name entry element | PLANNING |
| 650 ## - SUBJECT ADDED ENTRY--TOPICAL TERM | |
| Topical term or geographic name entry element | HUMAN RESOURCES MANAGEMENT |
| 690 ## - LOCAL SUBJECT ADDED ENTRY--TOPICAL TERM (OCLC, RLIN) | |
| Topical term or geographic name as entry element | PROFESSIONAL PRACTICE |
| 942 ## - ADDED ENTRY ELEMENTS (KOHA) | |
| Suppress in OPAC | 0 |
| Withdrawn status | Lost status | Source of classification or shelving scheme | Damaged status | Not for loan | Home library | Current library | Shelving location | Date acquired | Total Checkouts | Full call number | Barcode | Date last seen | Copy number | Price effective from | Koha item type |
|---|---|---|---|---|---|---|---|---|---|---|---|---|---|---|---|
| Dewey Decimal Classification | London | London | News article | 08/09/2004 | WB403425 | 127292-1001 | 06/08/2019 | 1 | 06/08/2019 | News article |